00461nam a22001572 4500001001100000005001700011008004100028020002600069040001500095100003100110245004600141260003300187300001200220650003200232650003900264000000706520151217152021.0071110s xx 000 0 eng d a9966805664 :cKES 690 aKABUcKABU1 aMason, John L.@000015772613aAn Enemy called average /cJohn L. Mason. aNairobi :bWordAlive,c1990. a187 p. 0aChristian life.@0000149167 0aDevotional literature.@0000158106